| 000 | 00549nam a2200193I 4500 | ||
|---|---|---|---|
| 999 |
_c5845 _d5845 |
||
| 001 | 1448884 | ||
| 003 | OSt | ||
| 005 | 20190110121941.0 | ||
| 008 | 750715s1948 xx 000 0 eng d | ||
| 040 |
_aIVD _cIVD _dm.c. _dJCU |
||
| 082 |
_a808.88 _bH521B |
||
| 090 |
_aPN6081 _b.C68 |
||
| 100 | 1 | _aCopeland, Lewis. | |
| 245 | 1 | 0 |
_aBest quotations for all occasions, _carr. and edited by Lewis C. Henry [pseud.] |
| 260 |
_aGarden City, N. Y., _bPermabooks _c[1948, c1945] |
||
| 300 |
_a280 p. _c17 cm. |
||
| 650 | 0 | _aQuotations, English. | |
| 942 |
_2ddc _cBK |
||